000 00336nam a2200145Ia 4500
008 191201s2005 xx 000 0 und d
082 _a621.815
_bMUM
100 _aMUBEEN, Abdul
245 0 _aMachine Design
250 _a4th
260 _aN.Delhi
_bKhanna Publisher
_c2005
300 _a1116
650 _aB.Tech(ME)
942 _2ddc
_cBK
999 _c1900
_d1900